<?xml version="1.0" encoding="UTF-8"?>
<record
    xmlns:xsi="http://www.w3.org/2001/XMLSchema-instance"
    xsi:schemaLocation="http://www.loc.gov/MARC21/slim http://www.loc.gov/standards/marcxml/schema/MARC21slim.xsd"
    xmlns="http://www.loc.gov/MARC21/slim">

  <leader>01662nam a2200337 i 4500</leader>
  <controlfield tag="001">9739</controlfield>
  <controlfield tag="003">ES-MaACL</controlfield>
  <controlfield tag="005">20250805003849.0</controlfield>
  <controlfield tag="007">t|</controlfield>
  <controlfield tag="008">931214m19801992sp           |||| | spa d</controlfield>
  <datafield tag="080" ind1=" " ind2=" ">
    <subfield code="a">86.09"10/19"</subfield>
  </datafield>
  <datafield tag="245" ind1="0" ind2="0">
    <subfield code="a">Historia y cr&#xED;tica de la literatura espa&#xF1;ola / </subfield>
    <subfield code="c">al cuidado de Francisco Rico.</subfield>
  </datafield>
  <datafield tag="260" ind1=" " ind2=" ">
    <subfield code="a">Barcelona : </subfield>
    <subfield code="b">Cr&#xED;tica, </subfield>
    <subfield code="c">1980-1992.</subfield>
  </datafield>
  <datafield tag="300" ind1=" " ind2=" ">
    <subfield code="a">9 v. ; </subfield>
    <subfield code="c">20 cm.</subfield>
  </datafield>
  <datafield tag="490" ind1="1" ind2=" ">
    <subfield code="a">P&#xE1;ginas de filolog&#xED;a</subfield>
  </datafield>
  <datafield tag="505" ind1="8" ind2=" ">
    <subfield code="a">Contiene: I ; </subfield>
    <subfield code="t">Edad Media / Alan Deyermond - II ; </subfield>
    <subfield code="t">Siglos de Oro: Renacimiento / Francisco L&#xF3;pez Estrada - III ; </subfield>
    <subfield code="t">Siglos de Oro: Barroco / Bruce W. Wardropper - IV ; </subfield>
    <subfield code="t">Ilustraci&#xF3;n y neoclasicismo / Jos&#xE9; Caso Gonz&#xE1;lez - V ; </subfield>
    <subfield code="t">Romanticismo y realismo / Iris M. Zavala - VI ; </subfield>
    <subfield code="t">Modernismo y 98 / Jos&#xE9; Carlos Mainer - VII ; </subfield>
    <subfield code="t">&#xC9;poca contempor&#xE1;nea: 1914-1939 / V&#xED;ctor G. de la Concha - VIII ; </subfield>
    <subfield code="t">&#xC9;poca contempor&#xE1;nea: 1939-1980 / Domingo Yndurain - IX ; </subfield>
    <subfield code="t">Los nuevos nombres: 1975-1990 / Dar&#xED;o Villanueva y otros</subfield>
  </datafield>
  <datafield tag="650" ind1=" " ind2="4">
    <subfield code="a">Literatura espa&#xF1;ola-</subfield>
    <subfield code="x">Historia y cr&#xED;tica</subfield>
    <subfield code="9">14560</subfield>
  </datafield>
  <datafield tag="700" ind1="1" ind2=" ">
    <subfield code="a">Deyermond, A. D.</subfield>
    <subfield code="9">44055</subfield>
  </datafield>
  <datafield tag="700" ind1="0" ind2=" ">
    <subfield code="a">L&#xF3;pez Estrada, Francisco,</subfield>
    <subfield code="d">1918-2010</subfield>
    <subfield code="9">73627</subfield>
  </datafield>
  <datafield tag="700" ind1="1" ind2=" ">
    <subfield code="a">Wardropper, Bruce W.</subfield>
    <subfield code="9">178592</subfield>
  </datafield>
  <datafield tag="700" ind1="1" ind2=" ">
    <subfield code="a">Caso Gonz&#xE1;lez, Jos&#xE9;.</subfield>
    <subfield code="9">36328</subfield>
  </datafield>
  <datafield tag="700" ind1="1" ind2=" ">
    <subfield code="a">Zavala, Iris M.</subfield>
    <subfield code="9">118105</subfield>
  </datafield>
  <datafield tag="700" ind1="1" ind2=" ">
    <subfield code="a">Mainer, Jos&#xE9;-Carlos,</subfield>
    <subfield code="d">1944-</subfield>
    <subfield code="9">75599</subfield>
  </datafield>
  <datafield tag="700" ind1="1" ind2=" ">
    <subfield code="a">Garc&#xED;a de la Concha, V&#xED;ctor,</subfield>
    <subfield code="d">1934-</subfield>
    <subfield code="9">54440</subfield>
  </datafield>
  <datafield tag="700" ind1="0" ind2=" ">
    <subfield code="a">Yndur&#xE1;in, Domingo, </subfield>
    <subfield code="d">1943-2003</subfield>
    <subfield code="9">117645</subfield>
  </datafield>
  <datafield tag="700" ind1="1" ind2=" ">
    <subfield code="a">Villanueva, Dar&#xED;o, </subfield>
    <subfield code="d">1950-</subfield>
    <subfield code="9">241353</subfield>
  </datafield>
  <datafield tag="700" ind1="1" ind2=" ">
    <subfield code="a">Rico, Francisco,</subfield>
    <subfield code="d">1942-</subfield>
    <subfield code="9">97012</subfield>
  </datafield>
  <datafield tag="830" ind1="0" ind2=" ">
    <subfield code="a">P&#xE1;ginas de filolog&#xED;a</subfield>
    <subfield code="9">178593</subfield>
  </datafield>
  <datafield tag="852" ind1=" " ind2=" ">
    <subfield code="a">ES-MaACL</subfield>
    <subfield code="j">L-17274-82</subfield>
  </datafield>
  <datafield tag="999" ind1=" " ind2=" ">
    <subfield code="c">9739</subfield>
    <subfield code="d">9739</subfield>
  </datafield>
  <datafield tag="952" ind1=" " ind2=" ">
    <subfield code="0">0</subfield>
    <subfield code="1">0</subfield>
    <subfield code="4">0</subfield>
    <subfield code="7">0</subfield>
    <subfield code="a">ATENEOM</subfield>
    <subfield code="b">ATENEOM</subfield>
    <subfield code="c">DEPO2</subfield>
    <subfield code="d">2008-01-17</subfield>
    <subfield code="e">SC</subfield>
    <subfield code="l">0</subfield>
    <subfield code="o">L-17274-82</subfield>
    <subfield code="p">1009939</subfield>
    <subfield code="r">2023-02-23 00:00:00</subfield>
    <subfield code="w">2023-02-23</subfield>
    <subfield code="y">MONOGRAFIA</subfield>
  </datafield>
</record>
